000 00695nam a2200121Ia 4500
008 220620s9999||||xx |||||||||||||| ||und||
100 _aRaleigh, Elizabeth
245 0 _aSelling Transracial Adoption
_bFamilies, Markets, and the Color Line
546 _aEnglish[eng]
650 _aSociology||Adoption||Child protection||Ethiopia||Foster care||International adoption||Interracial adoption||Race and ethnicity in the United States Census||Social work||White people
856 _uhttps://library.oapen.org/bitstream/20.500.12657/30762/1/642740.pdf||https://library.oapen.org/bitstream/20.500.12657/30762/1/642740.pdf||https://library.oapen.org/bitstream/20.500.12657/30762/1/642740.pdf
942 _cEB
999 _c32648
_d32648